000 00689nam a2200241Ia 4500
003 OSt
005 20221006144550.0
006 a|||||r|||| 00| 0
007 ta
008 221006b |||||||| |||| 00| 0 eng d
020 _c
_19.50
024 _a11,989
037 _cTextual
040 _aEASL
_cEASL
_beng
041 _2eng
_aeng
082 _aV410bX6.N37, L1;1
100 _aYOUNG Arthur N
245 0 _aChina's nation-building effort, 1927-1937
_b The financial and economic record
260 _aStanford
_bHoover Institution Press
_c1971
300 _a553p.
_ccm.
942 _hV410bX6.N37, L1;1
_cTEXL
_2CC
999 _c1080075
_d1080075